000 00319nam a22001337a 4500
005 20240118111355.0
008 240118b |||||||| |||| 00| 0 eng d
041 _aeng
100 _aKOTHARI, ATUL
_98395
245 _aHIGHER EDUCATION: BHARTIYA PERSPECTIVE
300 _a40;P
650 _aLIFE SKILL
_98393
942 _cBK
999 _c8477
_d8475